Statistics for Country capitals within 1000 miles of... #2

Click here to take the quiz!

General Stats

  • This quiz has been taken 72 times
    (31 since last reset)
  • The average score is 4 of 5

Answer Stats

HintAnswer% Correct
474Madrid
100%
349Lisbon
96%
976Tunis
93%
588Algiers
89%
740Andorra la Vella
64%

Score Distribution

Percentile by Number Answered

Percent of People with Each Score

Your Score History

You have not taken this quiz since the last reset